LEADER 00926nam a2200253 4500 001 000000360468 003 CaOOAMICUS 005 20241025122508.0 008 241025s2024 it 000 u ita r 020 $a978-88-566-9616-5 040 $aSeMil$bita 100 1 $aBarbato, Paola,$d<1971- >.$0(OLS)http://semarc/name/120778 245 10$aHorror game /$cPaola Barbato. 264 1$aMilano :$bPiemme,$c2024. 300 $a142 p. ;$c22 cm 490 1 $aIl battello a vapore 830 3$aIl battello a vapore.$0(OLS)http://semarc/title/443495 850 $aSeMil 852 $aSeMil$W1$xVenegono$y1$m1B IV 252$j252005$B251480$CSeMilBibl$Z2$F251480 $81 961 $aPerego don Stefano - Omaggio 996 $6020$a978-88-566-9616-5$9(OLS)http://semarc/number/301633 996 $6245$aHorror game$9(OLS)http://semarc/title/450970 996 $6264$aMilano :$bPiemme$9(OLS)http://semarc/publisher/34822 LEADER 01315nam a2200277 i 4500 001 000000036105 003 CaOOAMICUS 005 20250924080355.0 008 150903s1990 be u000 u lat u 020 $a2-503-63812-0 040 $aSeMil$bita 245 10$aCommentaria in Ruth /$ccurante CETEDOC. 260 $aTurnhout :$bBrepols,$c1990. 300 $a82 p. ;$c25 cm. +$e9 microfiches 490 0 $aCorpus Christianorum. Instrumenta lexicologica latina. Ser. A, Formae ;$vFasc.57 500 $aSpoglio lessicale 710 2 $aUniversité Catholique : Centre de traitement èlectronique des documents.$0(OLS)http://semarc/name/60 772 0 $tCommentaria in Ruth.$dTurnhout : Brepols, 1990.$kCorpus Christianorum. Continuatio Mediaevalis$z2-503-03812-3$w()35914 830 0$aCorpus Christianorum. Instrumenta lexicologica latina. Ser. A, Formae ;$v57.$0(OLS)http://semarc/title/82 850 $aSeMil 852 $aSeMil$W1$xVenegono$y1$mSL2.G CC.CM.ILL 57$j255653$B2260$CSeMilBibl$Z2$F2260 $8I 961 $aSottoscrizione: Brepols 996 $6020$a2-503-63812-0$9(OLS)http://semarc/number/4585 996 $6245$aCommentaria in Ruth$9(OLS)http://semarc/title/49788 996 $6260$aTurnhout :$bBrepols$9(OLS)http://semarc/publisher/29626